| 000 | 00500nam a22001937a 4500 | ||
|---|---|---|---|
| 003 | OSt | ||
| 005 | 20220620033127.0 | ||
| 008 | 220620b |||||||| |||| 00| 0 eng d | ||
| 020 | _a403992762 | ||
| 040 |
_aMMU _beng _cMMU _dMMU |
||
| 050 | _aG7822 .B8E4 2007 | ||
| 100 | _aTurner barry | ||
| 245 |
_aThe statesman's yearbook 2007/ _cBarry Turner. |
||
| 260 |
_aUSA: _bMacmillan, _c2007. |
||
| 300 | _axxxi, 1564 p. : | ||
| 500 | _aincludes index | ||
| 650 | _aYear book | ||
| 942 |
_2lcc _cREFERENCE |
||
| 999 |
_c658 _d658 |
||